000 00532nam a2200181Ia 4500
003 IN-BaIIA
008 211028s9999 xx 000 0 eng d
020 _a90-277-0635-2
040 _cIIA Library
080 _a530.1
_bMEH
100 _aMehra, Jagdish
_98467
245 4 _aThe Solvay conferences on physics
_baspects of the development of physics since 1911
_cJagadish Mehra
260 _aDordrecht
_bD. Reidel Publishing
_c1975
300 _axxxii, 415p.
650 _a Physics
_97977
650 _aNASA Thesaurus 
942 _cBK
999 _c5046
_d5046